Index to place names appearing on the 1 : 500,000 scale map of Egypt.

Saved in:

Corporate Author: Egypt. Maṣlaḥat al-Misāḥah.

Format: Book

Language: English

Published: Cairo : Govt. Press, 1928.

Edition: English ed.

Subjects:

Tags: Add Tag

No Tags, Be the first to tag this record!

Call Number: DT45 .A35 1928

LEADER 00707namaa2200241 4500
001 12620
003 OSt
005 20260318063651.0
008 130303s1928 ua i 000 0 eng d
040 |c ARCE Library 
043 |a f-ua--- 
050 4 |a DT45 .A35 1928 
110 1 |6 880-01  |a Egypt.  |b Maṣlaḥat al-Misāḥah. 
245 1 0 |a Index to place names appearing on the 1 : 500,000 scale map of Egypt. 
250 |a English ed. 
264 1 |a Cairo :  |b Govt. Press,  |c 1928. 
300 |a 68 pages folded map ;   |c 28 cm. 
650 0 |a Names, Geographical. 
651 0 |a Egypt  |v Gazetteers. 
880 1 |6 100-01/(3/r  |a مصر.   |b مصلحة المساحة 
901 |a reviewed 
942 |c BK  |2 lcc 
999 |c 12824  |d 12824